000 00569nam a22002057a 4500
003 OSt
005 20160812150429.0
008 160812b xxu||||| |||| 00| 0 eng d
020 _a0340789565
040 _c040a
082 _aWB 460
_bR716b 2001
100 _aRosser, Mo
_910636
245 _aBody fitness and exercise :
_bbasic theory and practice for therapists /
_cMo Rosser
250 _a2nd.ed
260 _aLondon
_bHodder &Stoughton
_c2001
300 _a340p;
_bill :
_c17 cm.
504 _aIncludes index
650 _aBody fitness
_910637
942 _2z
_cO_SHELF
999 _c4965
_d4965